01117nam a2200277 i 4500001000700000003000900007005001700016007000300033008004100036080003800077080002400115100002500139245011900164260004300283300003000326490003600356500002900392600005600421610007100477610004700548700002600595830004400621852003300665999001900698952012200717105635ES-MaACL20250605113909.0t|060801s1925 ag ||||1| spa d a32 Bakunin, Mijail Aleksandrovich a327.323.1(460)(091)1 aNettlau, Max.98542210aMiguel Bakunin, la Internacional y la Alianza en España (1868-1873) / c[M. Nettlau ; prefacio de Enrique Nido]. aBuenos Aires : bLa Protesta, c[1925] a132 p. : bil. ; c20 cm.1 aBiblioteca de La Protesta ; v1 aBiblioteca Juan Andrade.14aBakunin, Mijail Aleksandrovich, d1814-187692407972 aAsociación Internacional de los Trabajadores (1864-1876)917176827aAlianza de la Democracia Socialista.913341 aNido, Enrique.9856150 aBiblioteca de La Protesta ; v19232755 aES-MaACLjAND-447 bR.109751 c105635d105635 00104070aATENEOMbATENEOMcDEPO2d2008-01-17eSCl0oAND-447p1110286r2023-02-23 00:00:00w2023-02-23yMONOGRAFIA